Защита в чрезвычайных ситуациях: учебное пособие для вузов

Detalhes bibliográficos
Autor principal: Кирин Б. Ф. Борис Филиппович
Autor Corporativo: Московский государственный горный университет
Outros Autores: Каледина Н. О. Нина Олеговна, Слепцов В. И. Виталий Иннокентьевич
Resumo:Приведена классификация чрезвычайных ситуаций природного, техногенного, биолого-социального происхождения на предприятиях общего назначения и на горных предприятиях. Описаны основные мероприятия по защите человека, оказавшегося в чрезвычайной ситуации природного или техногенного происхождения. Рассмотрены методы прогноза чрезвычайных ситуаций на горных предприятиях. Изложены методика разработки Декларации промышленной безопасности опасного производственного объекта и реальная декларация для одного опасного производственного объекта. Показано взаимодействие служб гражданской обороны и защиты в чрезвычайных ситуациях. Для студентов вузов, обучающихся по специальности «Безопасность технологических процессов и производств горной промышленности» направления подготовки дипломированных специалистов «Безопасность жизнедеятельности».
Idioma:russo
Publicado em: М, Изд-во Московского гос. горного ун-та, 2004
Colecção:Высшее горное образование
Assuntos:
Formato: MixedMaterials Livro
KOHA link:https://koha.lib.tpu.ru/cgi-bin/koha/opac-detail.pl?biblionumber=63723

MARC

LEADER 00000nam0a2200000 4500
001 63723
005 20231031064835.0
010 |a 5741803024 
035 |a (RuTPU)RU\TPU\book\67622 
090 |a 63723 
100 |a 20040519d2004 m y0rusy50 ca 
101 0 |a rus 
102 |a RU 
105 |a a j 001zy 
200 1 |a Защита в чрезвычайных ситуациях  |e учебное пособие для вузов  |f Б. Ф. Кирин, Н. О. Каледина, В. И. Слепцов  |g Московский государственный горный университет 
210 |a М  |c Изд-во Московского гос. горного ун-та  |d 2004 
215 |a 285 с.  |c ил. 
225 1 |a Высшее горное образование 
320 |a Список литературы: с. 256-257. 
330 |a Приведена классификация чрезвычайных ситуаций природного, техногенного, биолого-социального происхождения на предприятиях общего назначения и на горных предприятиях. Описаны основные мероприятия по защите человека, оказавшегося в чрезвычайной ситуации природного или техногенного происхождения. Рассмотрены методы прогноза чрезвычайных ситуаций на горных предприятиях. Изложены методика разработки Декларации промышленной безопасности опасного производственного объекта и реальная декларация для одного опасного производственного объекта. Показано взаимодействие служб гражданской обороны и защиты в чрезвычайных ситуациях. Для студентов вузов, обучающихся по специальности «Безопасность технологических процессов и производств горной промышленности» направления подготовки дипломированных специалистов «Безопасность жизнедеятельности». 
610 1 |a чрезвычайные ситуации 
610 1 |a природные чрезвычайные ситуации 
610 1 |a техногенные чрезвычайные ситуации 
610 1 |a классификация 
610 1 |a биолого-социальные чрезвычайные ситуации 
610 1 |a защита 
610 1 |a горные предприятия 
610 1 |a газ 
610 1 |a взрывы 
610 1 |a пыль 
610 1 |a уголь 
610 1 |a внезапные выбросы 
610 1 |a горные удары 
610 1 |a горные выработки 
610 1 |a вода 
610 1 |a прорывы 
610 1 |a плывуны 
610 1 |a взрывные работы 
610 1 |a опасные производственные объекты 
610 1 |a декларация безопасности 
610 1 |a составление 
610 1 |a предупреждение 
610 1 |a ликвидация 
610 1 |a единая государственная система 
610 1 |a структура 
610 1 |a органы управления 
610 1 |a учебные пособия 
610 1 |a управление 
675 |a 622.8(075.8)  |v 3 
686 |a Ц69я73  |v LBC/SL-A  |2 rubbk 
700 1 |a Кирин  |b Б. Ф.  |g Борис Филиппович 
701 1 |a Каледина  |b Н. О.  |g Нина Олеговна 
701 1 |a Слепцов  |b В. И.  |g Виталий Иннокентьевич 
712 0 2 |a Московский государственный горный университет  |2 stltpush  |3 (RuTPU)RU\TPU\col\453 
801 1 |a RU  |b 63413507  |c 20040519  |g PSBO 
801 2 |a RU  |b 63413507  |c 20150609  |g PSBO 
900 |a Безопасность жизнедеятельности 
900 |a Безопасность жизнедеятельности... 
900 |a Горное дело 
942 |c BK 
951 |a 511100  |b 330500  |b 330100 
959 |a 64/20040519  |d 2  |e 240  |f ЧЗТЛ:2